|
|
|
|
| LEADER |
00000nab a2200000 a 4500 |
| 001 |
vtls009007802 |
| 003 |
SK-MaSNL |
| 005 |
20260417104434.0 |
| 008 |
250507c2007 xo |||| |o| 000 b|slo |
| 015 |
|
|
|a SNBRB2007/07
|2 snkbucl
|
| 035 |
|
|
|a (sysno)vtls009007802
|
| 035 |
|
|
|a urn:nbn:sk:snk-ab7b8k
|
| 035 |
|
|
|a (uuid)d59e7aa2-31c9-485b-a76e-06a30bf8f5fc
|
| 035 |
|
|
|a (urnnbn)urn:nbn:sk:snk:ar-a07ep3
|
| 038 |
|
|
|a SNKBUCL
|
| 040 |
|
|
|a SNKBUCL
|b slo
|c SNKBUCL
|e AACR2
|
| 041 |
0 |
|
|a slo
|
| 044 |
|
|
|a xo
|c SK
|
| 080 |
|
|
|a 929.5
|x (=162.4)
|x (71)
|2 1997
|
| 080 |
|
|
|a 929.5
|x (=162.4)
|x (73)
|2 1997
|
| 245 |
0 |
0 |
|a Alzo, Lisa A.: Finding your Slovak ancestors
|c [autor] (gh)
|
| 650 |
0 |
7 |
|a Slováci
|z Spojené štáty americké
|2 snkbucl
|9 13233
|
| 650 |
0 |
7 |
|a slovacikálny genealogický výskum
|2 snkbucl
|9 1492822
|
| 650 |
0 |
7 |
|a genealogické výskumy
|2 snkbucl
|9 91135
|
| 650 |
0 |
7 |
|a Slováci
|x Kanada
|2 snkbucl
|9 326149
|
| 651 |
|
7 |
|a Spojené štáty americké
|2 snkbucl
|9 18262
|
| 651 |
|
7 |
|a Kanada
|2 snkbucl
|9 17505
|
| 655 |
|
7 |
|a recenzie
|2 snkbucl
|9 21907
|
| 655 |
|
7 |
|a príručky
|2 snkbucl
|9 74364
|
| 773 |
0 |
|
|t Genealogicko-heraldický hlas
|g Roč. 17, č. 2 (2007), s. 56
|x 1335-0137
|
| 787 |
0 |
8 |
|i Rec.:
|a Alzo, Lisa A.
|t Finding your Slovak ancestors
|d Toronto : Heritage Productions, 2005
|z 1894018494
|
| 850 |
|
|
|a Slovenská národná knižnica
|
| 852 |
|
|
|a Slovenská národná knižnica
|
| 856 |
4 |
1 |
|u http://www.genealogy-heraldry.sk/pdf/GHH2007_2.pdf
|
| 954 |
|
|
|a odborná, vedecká literatúra pôvodná (slovenská)
|2 lita
|
| 958 |
|
|
|a article27
|
| 958 |
|
|
|a RC
|
| 958 |
|
|
|a SK
|
| 958 |
|
|
|a US
|
| 958 |
|
|
|a CA
|
| 958 |
|
|
|a OND
|
| 958 |
|
|
|a EUIPO
|
| 999 |
|
|
|c 2980439
|d 2982369
|